Central Library OPAC University of Rajshahi

Sugarcane pathology / (Record no. 37442)

MARC details
000 -LEADER
fixed length control field 00844nam a2200253 a 4500
001 - CONTROL NUMBER
control field 37442
003 - CONTROL NUMBER IDENTIFIER
rucl marc code BD-RjUL
005 - DATE AND TIME OF LATEST TRANSACTION
control field 20211209052618.0
008 - FIXED-LENGTH DATA ELEMENTS--GENERAL INFORMATION
fixed length control field 150117s2001 ii a b 001 0 eng
020 ## - INTERNATIONAL STANDARD BOOK NUMBER
International Standard Book Number 1578081785
035 ## - SYSTEM CONTROL NUMBER
System control number (BD-RjUL)37546
040 ## - CATALOGING SOURCE
Original cataloging agency DLC
Transcribing agency DLC
Modifying agency DLC
-- BD-RjUL
Language of cataloging eng
041 ## - LANGUAGE CODE
Language code of text/sound track or separate title eng
082 00 - DEWEY DECIMAL CLASSIFICATION NUMBER
Classification number 633.6193
Edition number 22
Author mark and year SUG 2001
245 00 - TITLE STATEMENT
Title Sugarcane pathology /
Statement of responsibility, etc. editors, G.P. Rao ... [et al.].
Number of part/section of a work Vol. 2, Virus and phytoplasma diseases.
260 ## - PUBLICATION, DISTRIBUTION, ETC. (IMPRINT)
Place of publication, distribution, etc. Enfield, NH ;
-- New Delhi :
Name of publisher, distributor, etc. Science Publishers;
-- Oxford & IBH Publishing co.,
Date of publication, distribution, etc. 2001.
300 ## - PHYSICAL DESCRIPTION
Pagination xi, 377 p.:
Illustrations ill. (some col.) ;
Size 25 cm.
504 ## - BIBLIOGRAPHY, ETC. NOTE
Bibliography, etc Includes bibliographical references and index.
650 #0 - SUBJECT ADDED ENTRY--TOPICAL TERM
Topical term or geographic name as entry element Sugarcane
General subdivision Diseases and pests.
9 (RLIN) 114961
700 ## - ADDED ENTRY--PERSONAL NAME
Personal name G.P. Rao
942 ## - ADDED ENTRY ELEMENTS (KOHA)
Source of classification or shelving scheme Dewey Decimal Classification
Koha item type Books
Holdings
Lost status Source of classification or shelving scheme Damaged status Not for loan Collection code Permanent Location Current Location Shelving location Date acquired Cost, normal purchase price Total Checkouts Full call number Date last seen Copy number Koha item type
  Dewey Decimal Classification   Not For Loan Non-fiction Institute of Biological Sciences (IBSc) Library Institute of Biological Sciences (IBSc) Library   17/01/2015 1125.00   633.6193 SUG 2001 17/01/2015 C-1 Books